Banking System Stability in Crisis Periods: The Impact of the Banking Regulator Independence

Cieľom tejto štúdie je posúdiť úlohu nezávislosti centrálnej banky pri predchádzaní finančným krízam a zmierňovaní ich následkov. Boli testované dve hypotézy. Meradlom nezávislosti bankového regulátora je CWN index nezávislosti centrálnej banky. Hypotézy boli testované na údajoch z 53 krajín postihn...

Ausführliche Beschreibung

Gespeichert in:
Bibliographische Detailangaben
1. Verfasser: Kerimov, Atik
Weitere Verfasser: Babayev, Azer, Dudchenko, Viktoria, Samusevych, Yaryna, Tumpach, Miloš, 1970-
Format: Buchkapitel
Sprache:Englisch
Schlagworte:
Tags: Tag hinzufügen
Keine Tags, Fügen Sie das erste Tag hinzu!

MARC

LEADER 00000naa a2200000 4500
001 0298483
005 20240927135950.0
041 0 |a eng 
044 |a UA 
245 1 0 |a Banking System Stability in Crisis Periods: The Impact of the Banking Regulator Independence  |c Atik Kerimov, Azer Babayev, Viktoria Dudchenko, Yaryna Samusevych, Miloš Tumpach 
520 |a Cieľom tejto štúdie je posúdiť úlohu nezávislosti centrálnej banky pri predchádzaní finančným krízam a zmierňovaní ich následkov. Boli testované dve hypotézy. Meradlom nezávislosti bankového regulátora je CWN index nezávislosti centrálnej banky. Hypotézy boli testované na údajoch z 53 krajín postihnutých finančnou krízou za posledných 40 rokov (vzorka zahŕňa rozvinuté aj rozvojové krajiny z rôznych kontinentov). Nástroje nelineárnej logitovej regresie (modelovanie pravdepodobnosti straty finančnej stability v dôsledku finančnej krízy pri zohľadnení rôznych úrovní nezávislosti bankového regulátora) a panelovej regresie s náhodnými efektmi (modelovanie vplyvu nezávislosti bankového regulátora na bankové aktivity počas krízy obdobia) boli použité na výpočty. 
610 2 0 |a bankovníctvo 
610 2 0 |a kríza finančná 
610 2 0 |a stabilita finančná 
610 2 0 |a banky centrálne 
610 2 0 |a geopolitika 
100 1 |a Kerimov, Atik 
700 1 |a Babayev, Azer 
700 1 |a Dudchenko, Viktoria 
700 1 |a Samusevych, Yaryna 
700 1 |a Tumpach, Miloš, 1970-